01342nam a2200373 i 4500001000300000003000900003005001700012008003900029015001700068040004100085046000900126080001000135080000900145100003100154245012000185260005900305300004200364336002700406337005400433338002800487380001600515380002300531388001400554388001400568504002200582521010500604650001400709650002900723655001700752658002800769700002800797710004500825856009800870bgKOSZ 00520200910102528.0080422s1961 pl a f 000 0 pol aPB 1961/2053 aWA NcWA NdKOSZ 005/RWdKOSZ 005/HR k1961 a621.9 a(07)1 aBardadin, KazimierzeAutor10aNormalne i uniwersalne przyrządy i uchwyty do obróbki metali skrawaniem /cKazimierz Bardadin, Wiktor Natanson. aWarszawa :bPaństwowe Wydawnictwa Techniczne,c1961. a368 s., [2] k. tabl. :bil. ;c21 cm. 2rdacontentaTekstbtxt 2rdamediaaBez urządzenia pośredniczącegobn 2rdacarrieraWoluminbnc aKsiążki aPublikacje fachowe a1901-2000 a1945-1989 aBibliogr. s. 368.8 aDla techników mechaników-technologów i uczniów techników mechanicznych o kierunku technol. 4aSkrawanie 4aNarzędzia skrawające 4aPodręcznik aInżynieria i technika1 aNatanson, WiktoreAutor2 aPaństwowe Wydawnictwa Techniczne4pbl. uhttp://koha.tu.koszalin.pl/cgi-bin/koha/opac-detail.pl?biblionumber=10822yKatalog online BPK